000 01594cam a2200337 i 4500
003 SA-RiAUC
005 20241212062905.0
008 241207s1996 su a f b f00010 ara c
020 _a9960829030
020 _a4159662
040 _aSA-RiAUC
_bara
_cSA-RiAUC
_dSA-RiKSU
_erda
082 0 4 _a658.404
_qSA-RiAUC
090 _a658.404
_bغ ر ف
110 2 _aالغرفة التجارية الصناعية (مكة المكرمة).
_bمركز البحوث
_eمؤلف.
245 1 0 _aكيف تتجنب فشل المشاريع التجارية /
_cمركز البحوث، الغرفة التجارية الصناعية ؛ إعداد عبد الفتاح دياب حسين.
264 1 _aمكة المكرمة :
_bالغرفة التجارية الصناعية، مركز البحوث،
_c1996
264 3 _a[مكان الطبع غير محدد] :
_bمطابع الصفا
300 _a159 صفحة :
_bجداول ؛
_c24 × 17 سم
336 _aنص
_btxt
_2rdacontent
_3كتاب
337 _aبدون وسيط
_bn
_2rdamedia
338 _aمجلد
_bnc
_2rdacarrier
500 _aس ع / غ ت / 8، 8 / 8 ك9 ت1.
504 _aببليوجرافية : صفحة 156-157.
650 7 _aإدارة المشروعات
_xمطبوعات حكومية
_2aucsh
650 7 _aالنجاح الإداري
_xمطبوعات حكومية
_2aucsh
650 7 _aالمطبوعات الحكومية
_2aucsh
651 7 _aالسعودية
_xمطبوعات حكومية
_2aucsh
700 1 _aحسين، عبد الفتاح دياب
_eمعد.
942 _2ddc
_cBOOK
_n0
949 _aSA-JeALM
_d241207
_uosman123
_n1
999 _c3373
_d3373